|
|
|
|
| LEADER |
01607nam a2200277 a 4500 |
| 001 |
24025611 |
| 008 |
090512s1989 ph ab b 100 0 eng d |
| 020 |
|
|
|a 971104210X
|
| 040 |
|
|
|a AGL
|c AGL
|
| 082 |
0 |
0 |
|a 630.2515
|2 18
|
| 111 |
2 |
|
|a International Symposium on Climate Variability and Food Security in Developing Countries
|d (1987 :
|c New Delhi, India)
|
| 245 |
1 |
0 |
|a Climate and food security :
|b papers persented at the International Symposium on Climate Variability and Food Security in Developing Countries, 5-9 February 1987 New Delhi, India /
|c organized by American Association for the Advancement of Science, Indian National Science Academy, International Rice Research Institute ; with support from Indian Council for Agricultural Research ... [et al.].
|
| 260 |
|
|
|a Manila, Philippines :
|b Intl. Rice Research Institute
|a Washington, D.C. :
|b The Association,
|c 1989.
|
| 300 |
|
|
|a 602 p. :
|b ill., maps ;
|c 23 cm.
|
| 500 |
|
|
|a "CGIAR Information Service.
|
| 504 |
|
|
|a Includes bibliographical references.
|
| 541 |
1 |
|
|e 00016912
|
| 650 |
|
0 |
|a Crops and climate
|x Congresses.
|
| 650 |
|
0 |
|a Climatic changes
|x Congresses.
|
| 710 |
2 |
|
|a American Association for the Advancement of Science.
|
| 710 |
2 |
|
|a Indian National Science Academy.
|
| 710 |
2 |
|
|a International Rice Research Institute.
|
| 710 |
2 |
|
|a Indian Council of Agricultural Research.
|
| 852 |
4 |
|
|a <add your library>
|j <shelf mark>
|
| 999 |
|
|
|c 609
|d 609
|
| 952 |
|
|
|0 0
|1 4
|2 ddc
|4 0
|6 630_251500000000000_CLI
|7 0
|9 559
|a BRACUL
|b BRACUL
|c GEN
|d 2009-05-12
|g 0.00
|l 0
|o 630.2515 CLI
|p 3010016912
|r 2009-05-12
|t 1
|w 2009-05-12
|y BK
|x No price found in the accession register.
|